| 000 | 01613nam a2200397 i 4500 | ||
|---|---|---|---|
| 001 | 11228 | ||
| 003 | KOSZ 005 | ||
| 005 | 20240405063006.0 | ||
| 008 | 070927s1968 pl f 000 0 pol | ||
| 015 | _aPB 1968/7082 | ||
| 040 |
_aWA N _cKOSZ 005/RW _dKOSZ 005/RW _dKOSZ 005/HR |
||
| 041 | 0 |
_apol _beng _brus |
|
| 046 | _k1968 | ||
| 080 | _a378(438) | ||
| 080 | _a371.33(438) | ||
| 100 | 1 |
_aKruszewski, Krzysztof _d(1939-2015). _eAutor |
|
| 245 | 1 | 0 |
_aWykład w szkole wyższej / _cKrzysztof Kruszewski ; Ministerstwo Oświaty i Szkolnictwa Wyższego. Międzyuczelniany Zakad Badań nad Szkolnictwem Wyższym. Pracownia Zagadnień Rekrutacji i Toku Studiów. |
| 260 |
_aWarszawa : _bPaństwowe Wydawnictwo Naukowe, _c1968. |
||
| 300 |
_a137, [4] s. ; _c24 cm. |
||
| 380 | _aKsiążki. | ||
| 388 | _a1901-2000 | ||
| 490 | 1 | _aRaporty z Badań / Ministerstwo Oświaty i Szkolnictwa Wyższego. Międzyuczelniany Zakad Badań nad Szkolnictwem Wyższym. Pracownia Zagadnień Rekrutacji i Toku Studiów. | |
| 504 | _aBibliogr. s. 117-[124]. | ||
| 546 | _aStreszcz. ang., ros. | ||
| 658 | _aNauka i badania | ||
| 655 | 4 | _aRaport z badań | |
| 648 | 4 | _a1901-2000 | |
| 651 | 4 | _aPolska | |
| 648 | 4 | _a1945-1989 | |
| 650 | 4 | _aNauczanie | |
| 650 | 4 | _aSzkoły wyższe | |
| 710 | 2 |
_aPaństwowe Wydawnictwo Naukowe _4pbl. |
|
| 830 | 0 | _aRaporty z Badań - Międzyuczelniany Zakład Badań nad Szkolnictwem Wyższym. | |
| 856 |
_uhttp://koha.tu.koszalin.pl/cgi-bin/koha/opac-detail.pl?biblionumber=11228 _yKatalog online BPK |
||
| 942 |
_2UKD _cKS |
||
| 999 |
_c11228 _d11228 |
||